000 00973cab a2200301 4500
001 WB3031-40
008 090401t1994 xxu||||| |||| 00| 0 eng d
035 _a(Sirsi) u30168
041 _aeng
245 _aKeep out: this land is their land
260 _c1994
350 _a0
490 _aGuardian
_v13 August 1994, 19(3)
520 _aWith many government-financed sources of information on land ownership kept from public access, the RICS with other organisations involved in the Domesday 2000 project, is calling for greater openness in holding of information on the land register.
650 _aACCESS TO INFORMATION
650 _aDOMESDAY 2000
650 _aLAND REGISTRATION
650 _aLANDED ESTATES
650 _aLANDOWNERS
650 _aLANDOWNERSHIP
650 _aLEAGUE TABLE
650 _aPROPERTY INFORMATION
650 _aRETURN OF OWNERS OF LAND
650 _aSTATISTICS
690 _aLAND
942 _n0
948 _c04/03/1997
999 _c20324
_d20324